| 000 | 00433nam a2200169Ia 4500 | ||
|---|---|---|---|
| 008 | 230524s9999 xx 000 0 und d | ||
| 020 | _a97881265301567 | ||
| 082 | _bRAO | ||
| 100 |
_aB.N.D Narasingh Rao _942431 |
||
| 245 | 0 | _aSoil Mechanics and Foundation Engineering | |
| 250 | _a1 | ||
| 260 |
_aNew Delhi _bWiley India _c2015 |
||
| 300 | _a"XV,1089p;" | ||
| 500 | _aQuantity Number: 1 | ||
| 650 | _a Mechanics | ||
| 942 | _cBK | ||
| 999 |
_c56716 _d56716 |
||